[Event "GER-ch Rapid (Women)"]
[Site "Dinkelsbuehl"]
[Date "2023.11.12"]
[Round "6"]
[White "Bardorz, Jana"]
[Black "Khrapko, Marharyta"]
[Result "0-1"]
[WhiteElo "2039"]
[BlackElo "2067"]
[PlyCount "118"]
[EventDate "2023.11.11"]
[EventType "swiss (rapid)"]
[EventRounds "9"]
[EventCountry "GER"]
[SourceTitle "CB47_2023"]
[SourceDate "2023.11.22"]
[SourceVersion "1"]
[SourceVersionDate "2023.11.22"]
[SourceQuality "1"]

1. e4 c5 2. Nf3 e6 3. d4 cxd4 4. Nxd4 Nf6 5. Nc3 Nc6 6. Ndb5 Bc5 7. Nd6+ Ke7 8. Bf4 e5 9. Nf5+ Kf8 10. Bg5 h6 11. Bxf6 Qxf6 12. Qd2 g6 13. Nd5 Qd8 14. Nfe3 Kg7 15. 0-0-0 d6 16. h4 h5 17. f4 exf4 18. Qc3+ Ne5 19. Nc4 f6 20. Nxf4 Ng4 21. Nd3 Ne3 22. Nxe3 Bxe3+ 23. Kb1 Bg4 24. Re1 Qb6 25. Be2 Be6 26. Rhf1 Bd4 27. Qb4 a5 28. Qxb6 Bxb6 29. Nf4 Bf7 30. Rd1 Rhe8 31. Rxd6 Bc5 32. Rd7 Rxe4 33. Bd3 Re7 34. Rxe7 Bxe7 35. Be4 Rb8 36. Rd1 b5 37. Rd7 Rd8 38. Rxd8 Bxd8 39. Bc6 Bc7 40. Nd5 Bg3 41. Ne3 b4 42. c3 Bxh4 43. cxb4 axb4 44. a3 Bf2 45. Nd1 Bc5 46. a4 Bb3 47. Kc1 f5 48. a5 f4 49. Kd2 g5 50. Bf3 g4 51. Be2 Kf6 52. Kd3 Ke5 53. a6 Kf5 54. Kd2 h4 55. Bd3+ Kg5 56. Ke2 f3+ 57. gxf3 gxf3+ 58. Kd2 h3 59. Ne3 h2 0-1

[Event "AUT-chT (Women) 2223"]
[Site "Austria"]
[Date "2022.10.23"]
[Round "4.2"]
[White "Khrapko, Marharyta"]
[Black "Motycakova, Monika"]
[Result "1/2-1/2"]
[WhiteElo "2128"]
[BlackElo "2091"]
[PlyCount "81"]
[EventDate "2022.10.21"]
[EventType "team-tourn"]
[EventRounds "9"]
[EventCountry "AUT"]
[SourceTitle "EXT 2024"]
[Source "ChessBase"]
[SourceDate "2023.10.10"]
[SourceVersion "1"]
[SourceVersionDate "2023.10.10"]
[SourceQuality "1"]
[WhiteTeam "Schach ohne Grenzen (W)"]
[BlackTeam "Dornbirn (W)"]
[WhiteTeamCountry "AUT"]
[BlackTeamCountry "AUT"]

1. e4 e5 2. Nf3 Nc6 3. Bb5 a6 4. Ba4 Nf6 5. 0-0 Be7 6. Re1 b5 7. Bb3 d6 8. c3 0-0 9. h3 Na5 10. Bc2 c5 11. d4 Qc7 12. Nbd2 cxd4 13. cxd4 Bd7 14. Nf1 Rac8 15. Bb1 Nc6 16. Ne3 a5 17. Nd5 Qb8 18. Nxe7+ Nxe7 19. Bg5 Be6 20. Qd2 a4 21. Bxf6 gxf6 22. Qh6 Ng6 23. h4 Rc7 24. h5 Nf4 25. Qxf6 Qd8 26. Qh6 f6 27. g3 Rg7 28. Kh2 Bg4 29. gxf4 Bxf3 30. Rg1 Rxg1 31. Kxg1 Rf7 32. Bd3 Rg7+ 33. Kf1 Qc8 34. f5 Rg5 35. Qxf6 Rxh5 36. Ke1 Rh1+ 37. Bf1 Qc2 38. Qe6+ Kh8 39. Qf6+ Kg8 40. Qe6+ Kh8 41. Qf6+ 1/2-1/2

[Event "GER-ch Rapid (Women)"]
[Site "Goettingen"]
[Date "2022.09.24"]
[Round "3"]
[White "Khrapko, Marharyta"]
[Black "Schulze, Lara"]
[Result "1/2-1/2"]
[WhiteElo "2128"]
[BlackElo "2288"]
[PlyCount "127"]
[EventDate "2022.09.24"]
[EventType "swiss (rapid)"]
[EventRounds "9"]
[EventCountry "GER"]
[SourceTitle "CBM 210 Extra"]
[Source "ChessBase"]
[SourceDate "2022.11.30"]
[SourceVersion "1"]
[SourceVersionDate "2022.11.30"]
[SourceQuality "1"]

1. e4 c5 2. Nf3 Nc6 3. d4 cxd4 4. Nxd4 Nf6 5. Nc3 d6 6. Be2 e5 7. Nf3 h6 8. 0-0 Be7 9. h3 0-0 10. Be3 Be6 11. Nd2 d5 12. exd5 Nxd5 13. Nxd5 Bxd5 14. c4 Be6 15. Ne4 Nd4 16. b3 Qd7 17. Rc1 Bf5 18. Ng3 Bg6 19. Bh5 Ba3 20. Bxg6 fxg6 21. Rb1 Bb4 22. Bxd4 Qxd4 23. Qc2 Qb6 24. Ne4 Bc5 25. Nxc5 Qxc5 26. Qxg6 Rad8 27. Rb2 Qd4 28. Re2 Rf6 29. Qg3 e4 30. Qg4 Re8 31. Re3 a5 32. Rd1 Qb2 33. Re2 Qe5 34. Rd7 Rf7 35. Rxf7 Kxf7 36. Rd2 e3 37. Rd7+ Kg8 38. fxe3 Qxe3+ 39. Kh2 Re7 40. Rd8+ Re8 41. Rd7 Re7 42. Rd8+ Re8 43. Rd5 a4 44. bxa4 Qe4 45. Qxe4 Rxe4 46. Rc5 Re2 47. Rc8+ Kh7 48. Rb8 Rc2 49. Rxb7 Rxc4 50. a5 Ra4 51. Ra7 Rxa2 52. a6 Kg6 53. Ra8 Ra3 54. Kg1 Ra2 55. Kf1 h5 56. h4 Ra4 57. g3 Ra2 58. Ke1 Kf5 59. Ra7 g6 60. Rf7+ Kg4 61. Rf6 Kxg3 62. Rxg6+ Kxh4 63. Rb6 Kg3 64. Rg6+ 1/2-1/2

[Event "GER-ch blitz (Women)"]
[Site "Magdeburg"]
[Date "2022.08.13"]
[Round "22"]
[White "Stangl, Anita"]
[Black "Khrapko, Marharyta"]
[Result "1-0"]
[WhiteElo "2033"]
[BlackElo "2036"]
[PlyCount "107"]
[EventDate "2022.08.13"]
[EventType "tourn (blitz)"]
[EventRounds "23"]
[EventCountry "GER"]
[SourceTitle "CBM 209 Extra"]
[Source "ChessBase"]
[SourceDate "2022.09.30"]
[SourceVersion "1"]
[SourceVersionDate "2022.09.30"]
[SourceQuality "1"]

1. e4 c5 2. Nf3 Nc6 3. d4 cxd4 4. Nxd4 e5 5. Nf3 Nf6 6. Bd3 d5 7. exd5 Qxd5 8. 0-0 Bb4 9. c3 Be7 10. c4 Qd6 11. Nc3 Bg4 12. h3 Bh5 13. Be2 Qb8 14. Bg5 0-0 15. Bxf6 Bxf6 16. Nd5 Bd8 17. Qd2 Kh8 18. Rfe1 f5 19. Nxe5 Nxe5 20. Bxh5 Nxc4 21. Qc3 b5 22. b3 Ba5 23. b4 Bb6 24. Bf3 Bd8 25. Ne7 Qd6 26. Nxf5 Rxf5 27. Bxa8 Rf8 28. Rad1 Qb6 29. Bf3 Bh4 30. Qd4 Qxd4 31. Rxd4 h6 32. Rxh4 Nd2 33. Bc6 a6 34. Re8 Rxe8 35. Bxe8 Nc4 36. Rd4 Kh7 37. Bc6 Kg6 38. Bb7 Na3 39. Bxa6 Nc2 40. Re4 Kf5 41. f3 Na3 42. Re7 g5 43. Rb7 h5 44. Bxb5 h4 45. Bd3+ Kf4 46. b5 Kg3 47. Rg7 Kf4 48. b6 Ke3 49. b7 Kxd3 50. b8Q Nc4 51. Qb3+ Kd2 52. Qxc4 g4 53. Rd7+ Ke3 54. Qe4# 1-0

[Event "GER-chT Federal Cup (Women)"]
[Site "Braunfels"]
[Date "2021.10.23"]
[Round "4.1"]
[White "Cosma, Elena Luminita"]
[Black "Khrapko, Marharyta"]
[Result "1-0"]
[WhiteElo "2296"]
[BlackElo "2074"]
[PlyCount "127"]
[EventDate "2021.10.19"]
[EventType "team-tourn"]
[EventRounds "5"]
[EventCountry "GER"]
[SourceTitle "CBM 204 Extra"]
[Source "ChessBase"]
[SourceDate "2021.11.30"]
[SourceVersion "1"]
[SourceVersionDate "2021.11.30"]
[SourceQuality "1"]

1. d4 c5 2. d5 Nf6 3. Nf3 g6 4. Nc3 d6 5. e4 Bg7 6. Bb5+ Nbd7 7. a4 0-0 8. 0-0 a6 9. Be2 b6 10. Bf4 Rb8 11. Re1 b5 12. axb5 axb5 13. e5 Nh5 14. Be3 b4 15. Ne4 dxe5 16. Nxc5 Nb6 17. Na6 Bxa6 18. Bxa6 Nxd5 19. Ba7 Ra8 20. Bb7 Rxa7 21. Rxa7 Qb6 22. Qa1 Nc7 23. Qa5 Qxa5 24. Rxa5 Rb8 25. Bc6 b3 26. cxb3 Rxb3 27. Ra7 Ne6 28. Bd5 Rxb2 29. Bxe6 fxe6 30. g3 Bf6 31. Nxe5 Rb5 32. Nc6 Kf8 33. Rxe6 Ng7 34. Ra8+ Kf7 35. Nd8+ Ke8 36. Re2 Kd7 37. Rd2+ Kc7 38. Ra7+ Kc8 39. Nc6 Rb7 40. Rxb7 Kxb7 41. Nxe7 Kb8 42. Rd7 g5 43. h3 h5 44. Kg2 h4 45. gxh4 gxh4 46. Ng6 Kc8 47. Rf7 Ne8 48. Rh7 Ng7 49. Nxh4 Kd8 50. f4 Ke8 51. Nf3 Kf7 52. Ne5+ Ke6 53. Ng4 Bd4 54. Ne5 Nf5 55. Kf3 Bc3 56. Ra7 Kf6 57. Ra6+ Kg7 58. Ke4 Nh6 59. Ra7+ Kg8 60. f5 Bb4 61. Kd5 Nxf5 62. Ng4 Bf8 63. Nf6+ Kh8 64. Rh7# 1-0

[Event "GER-chT Federal Cup (Women)"]
[Site "Braunfels"]
[Date "2021.10.22"]
[Round "2.17"]
[White "Khrapko, Marharyta"]
[Black "Peglau, Dora"]
[Result "1-0"]
[WhiteElo "2074"]
[BlackElo "1880"]
[PlyCount "111"]
[EventDate "2021.10.19"]
[EventType "team-tourn"]
[EventRounds "5"]
[EventCountry "GER"]
[SourceTitle "CBM 204 Extra"]
[Source "ChessBase"]
[SourceDate "2021.11.30"]
[SourceVersion "1"]
[SourceVersionDate "2021.11.30"]
[SourceQuality "1"]

1. e4 c6 2. d4 d5 3. e5 Bf5 4. h4 Qc7 5. c4 Nd7 6. Nc3 Be6 7. Nge2 dxc4 8. Nf4 Bd5 9. Ncxd5 cxd5 10. e6 fxe6 11. Nxe6 Qd6 12. Qh5+ g6 13. Qxd5 Qxd5 14. Nc7+ Kf7 15. Nxd5 Rc8 16. a4 e5 17. Ne3 Bb4+ 18. Bd2 Bxd2+ 19. Kxd2 exd4 20. Nxc4 Rc7 21. Nd6+ Ke7 22. Nb5 Rc5 23. b4 Rf5 24. f3 a6 25. Nxd4 Rd5 26. Ke3 Ngf6 27. Bc4 Re5+ 28. Kf2 Rc8 29. Rac1 Nb6 30. Bb3 Rxc1 31. Rxc1 Nbd5 32. b5 axb5 33. Nxb5 Kd7 34. g4 h6 35. Bc2 Nf4 36. Rd1+ Rd5 37. Rxd5+ N6xd5 38. Be4 g5 39. h5 b6 40. Nd4 Ne7 41. Ke3 Kd6 42. Nb3 Ned5+ 43. Kd4 Ne2+ 44. Kc4 Ndc3 45. Bd3 Ke5 46. Bxe2 Nxe2 47. Kb5 Nc3+ 48. Kxb6 Nxa4+ 49. Kc6 Nc3 50. Kd7 Nd5 51. Ke8 Kf4 52. Nd4 Ne3 53. Kf7 Nf1 54. Kg6 Ke3 55. Kxh6 Kxd4 56. Kxg5 1-0